000 00751cam a22002411 4500
001 sa 67007497
003 DLC
005 20260227112416.0
008 770520s1967 ii b 000 0 eng
010 _asa 67007497
035 _a(OCoLC)2979911
040 _aDLC
_cFU-L
_dDLC
042 _apremarc
050 0 0 _aKNS1750
_b.S48 1967
082 _a342.54/09
100 1 _aSetalvad, Motilal Chimanlal.
245 1 4 _aThe Indian Constitution, 1950-1965,
_cby M. C. Setalvad.
260 _a[Bombay]
_bUniversity of Bombay; [distributors: P. C. Manktala,
_c1967]
300 _axiii, 239 p.
_c23 cm.
490 0 _aKashinath Trimbak Telang lectures, first series,
_v1965
504 _aBibliographical footnotes.
650 0 _aConstitutional law
_zIndia.
999 _c76634
_d76634